000 00490nam a2200229Ia 4500
003 IT-RoPAU
008 120407s9999 xx 000 0 und d
040 _aIT-RoPAU
040 _cIT-RoPAU
041 _aita
100 _aCharles Harold Dodd
245 _aL’autorità della bibbia
250 _aBrescia
260 _aPaideia
260 _c1970
300 _a304 p.
300 _c21 cm
490 _a Bibl. cultura religiosa
490 _v21
942 _cBK
999 _c32014
_d32014